Częścią, którego kraju jest dany region? - Statystyki

Ogólne statystyki
  • Ten quiz został rozwiązany 8 154 razy
    2 889 od ostatniego zresetowania
  • Średni wynik to 20 z 32
Statystyki odpowiedzi
Lp. Region Kraj % Poprawnych
1 Bawaria Niemcy
99%
5 Mazowsze Polska
96%
19 Mazury Polska
91%
22 Syberia Rosja
89%
2 Andaluzja Hiszpania
81%
9 Hokkaido Japonia
81%
4 Kamczatka Rosja
81%
30 Saksonia Niemcy
77%
31 Transylwania Rumunia
77%
11 Lombardia Włochy
75%
3 Nowa Anglia Stany Zjednoczone
74%
12 Nadniestrze Mołdawia
71%
14 Tasmania Australia
70%
6 Mandżuria Chiny
67%
18 Ontario Kanada
67%
26 Bretania Francja
63%
27 Judea Izrael
61%
28 Tabasco Meksyk
61%
32 Kornwalia Wielka Brytania
54%
13 Bohemia Czechy
52%
15 Jutlandia Dania
52%
8 Abchazja Gruzja
52%
25 Dalmacja Chorwacja / Bośnia i Hercegowina / Czarnogóra
49%
21 Zelandia Holandia / Dania
49%
7 Terytoria Północno-Zachodnie Kanada
49%
16 Sumatra Indonezja
48%
23 Patagonia Argentyna / Chile
45%
20 Walonia Belgia
44%
29 Maranhão Brazylia
41%
24 Wojwodina Serbia
40%
10 Gudźarat Indie
37%
17 Pikardia Francja
28%
Nie znaleziono quizów pasujących do podanych kryteriów
Rozkład punktacji
Procent ludzi z każdym wynikiem
Percentyl według liczby udzielonych odpowiedzi
Twoja historia wyników
Nie rozwiązałeś tego quizu od ostatniego zresetowania